LIBRARY & INFORMATION CENTRE, KCAET, TAVANUR

ONLINE PUBLIC ACCESS CATALOGUE (OPAC)

Viswadeepam:Mahakavyam (Record no. 603)

MARC details
000 -LEADER
fixed length control field 00420cam a2200169ua 4500
041 ## - LANGUAGE CODE
Language code of text/sound track or separate title mal
082 ## - DEWEY DECIMAL CLASSIFICATION NUMBER
Classification number 894.8121
Item number MAT/VI
100 ## - MAIN ENTRY--AUTHOR NAME
Personal name Mattan Tharakan, Puthenkavu .
245 ## - TITLE STATEMENT
Title Viswadeepam:Mahakavyam
260 ## - PUBLICATION, DISTRIBUTION, ETC. (IMPRINT)
Place of publication Pathanamthitta :
Name of publisher Asian book stall ,
Year of publication 1965.
300 ## - PHYSICAL DESCRIPTION
Number of Pages 560 ; .
942 ## - ADDED ENTRY ELEMENTS (KOHA)
Koha item type Books
Holdings
Withdrawn status Lost status Damaged status Home library Current library Date acquired Full call number Accession Number Koha item type
Withdrawn     KAUAET Malayalam University 07/04/2012 894.8121 9464 Books
free website counter